[Event "Southwest op"]
[Site "Irving USA"]
[Date "2018.09.03"]
[Round "8.4"]
[White "Kovalyov, Anton"]
[Black "Hilby, Craig"]
[Result "0-1"]
[WhiteElo "2644"]
[BlackElo "2420"]
[PlyCount "59"]
[GameId "2130307616383448"]
[EventDate "2018.08.30"]
[EventType "swiss"]
[EventRounds "9"]
[EventCountry "USA"]
[SourceTitle "The Week in Chess 1244"]
[Source "Mark Crowther"]
[SourceDate "2018.09.10"]
[SourceVersion "1"]
[SourceVersionDate "2018.09.10"]
[SourceQuality "2"]

1. c4 Nf6 2. Nf3 g6 3. Nc3 d5 4. cxd5 Nxd5 5. Qb3 Nb6 6. d4 Bg7 7. Bf4 Be6 8. Qa3 c5 9. Qxc5 Nc6 10. e4 Rc8 11. Qa3 Nxd4 12. O-O-O O-O 13. e5 Nc4 14. Qxa7 Qc7 15. Rxd4 Ra8 16. Rxc4 Bxc4 17. Qe3 Bxa2 18. Kc2 Rfc8 19. Nd4 Qa5 20. Bd3 Qa4+ 21. Kc1 Qb4 22. Be4 Bd5 23. Bxd5 Ra1+ 24. Kc2 Rxh1 25. Bg3 Qa4+ 26. Nb3 Qa2 27. Nc5 Qa5 28. b4 Qxb4 29. Nb3 e6 30. Bf3 0-1

[Event "Southwest op"]
[Site "Irving USA"]
[Date "2018.09.03"]
[Round "9.8"]
[White "Nguyen, Emily"]
[Black "Kovalyov, Anton"]
[Result "1/2-1/2"]
[WhiteElo "2194"]
[BlackElo "2644"]
[PlyCount "28"]
[GameId "2130307616383472"]
[EventDate "2018.08.30"]
[EventType "swiss"]
[EventRounds "9"]
[EventCountry "USA"]
[SourceTitle "The Week in Chess 1244"]
[Source "Mark Crowther"]
[SourceDate "2018.09.10"]
[SourceVersion "1"]
[SourceVersionDate "2018.09.10"]
[SourceQuality "2"]

1. d4 Nf6 2. Nf3 e6 3. c4 b6 4. g3 c6 5. Bg2 d5 6. O-O Be7 7. Nc3 O-O 8. Ne5 Ba6 9. cxd5 cxd5 10. Bf4 Bb7 11. Rc1 Nh5 12. Bd2 Nf6 13. Bf4 Nh5 14. Bd2 Nf6 1/2-1/2

[Event "World op"]
[Site "Philadelphia USA"]
[Date "2018.07.04"]
[Round "1.3"]
[White "Kovalyov, Anton"]
[Black "Flaquer, Luis"]
[Result "1-0"]
[WhiteElo "2658"]
[BlackElo "2199"]
[PlyCount "87"]
[GameId "2130307619091742"]
[EventDate "2018.07.02"]
[EventType "swiss"]
[EventRounds "9"]
[EventCountry "USA"]
[SourceTitle "10 Days #548"]
[Source "ChessMix"]
[SourceDate "2018.07.10"]
[SourceVersion "1"]
[SourceVersionDate "2018.07.10"]
[SourceQuality "1"]

1. c4 Nf6 2. Nf3 g6 3. d4 Bg7 4. e3 O-O 5. Be2 c5 6. d5 d6 7. Nc3 e5 8. e4 Nh5 9. g3 Na6 10. a3 Qe7 11. Nd2 Nf6 12. g4 Bh6 13. h3 Bf4 14. Nf3 h5 15. g5 Nh7 16. Bxf4 exf4 17. h4 f6 18. Rg1 Bg4 19. gxf6 Nxf6 20. Ng5 f3 21. Bd3 Nd7 22. Qd2 Ne5 23. Nd1 Qf6 24. Ne3 Nc7 25. Rb1 Qf4 26. Rh1 Bd7 27. Bf1 Rae8 28. Nd1 Qf6 29. Nc3 a6 30. b4 b5 31. bxc5 dxc5 32. d6 Ne6 33. Nd5 Qd8 34. Ne7+ Kg7 35. cxb5 Nd4 36. bxa6 Rxe7 37. dxe7 Qxe7 38. Rb7 Qd6 39. Bb5 Kh8 40. a4 c4 41. Ne6 Nd3+ 42. Kf1 Rf7 43. Qh6+ Rh7 44. a7 1-0

[Event "World op"]
[Site "Philadelphia USA"]
[Date "2018.07.05"]
[Round "2.3"]
[White "Kiewra, Keaton"]
[Black "Kovalyov, Anton"]
[Result "1/2-1/2"]
[WhiteElo "2367"]
[BlackElo "2658"]
[PlyCount "102"]
[GameId "2130307619091753"]
[EventDate "2018.07.02"]
[EventType "swiss"]
[EventRounds "9"]
[EventCountry "USA"]
[SourceTitle "10 Days #548"]
[Source "ChessMix"]
[SourceDate "2018.07.10"]
[SourceVersion "1"]
[SourceVersionDate "2018.07.10"]
[SourceQuality "1"]

1. Nf3 Nf6 2. c4 e6 3. g3 d5 4. Bg2 Be7 5. O-O O-O 6. d4 c6 7. Qc2 b6 8. Nbd2 Bb7 9. e4 Na6 10. Rd1 Rc8 11. b3 Rc7 12. Bb2 Qa8 13. e5 Nd7 14. Qd3 c5 15. Qe2 Nb4 16. dxc5 Nxc5 17. Ne1 dxc4 18. Bxb7 Rxb7 19. Nxc4 Rd8 20. Rxd8+ Qxd8 21. Rd1 Rd7 22. Rxd7 Qxd7 23. Ba3 Nc6 24. Bxc5 Bxc5 25. Nd3 Bf8 26. Qe4 h6 27. Kg2 Nd4 28. Nd6 Bxd6 29. Qxd4 Qc6+ 30. Kg1 Bf8 31. Qc4 Qf3 32. h4 g5 33. hxg5 hxg5 34. Qd4 Bh6 35. Ne1 Qe2 36. Qd8+ Kh7 37. Qd3+ Qxd3 38. Nxd3 g4 39. f4 gxf3 40. Kf2 Kg6 41. Kxf3 Kg5 42. Nb4 Bf8 43. Nc6 a5 44. Ke4 Bc5 45. a4 Bf2 46. Nd8 Kg6 47. g4 Bh4 48. Nc6 Bg5 49. Na7 Bd8 50. Nb5 Bh4 51. Nd6 Bf2 1/2-1/2

[Event "World op"]
[Site "Philadelphia USA"]
[Date "2018.07.05"]
[Round "3"]
[White "Kovalyov, Anton"]
[Black "Wang, Justin"]
[Result "1/2-1/2"]
[WhiteElo "2658"]
[BlackElo "2349"]
[PlyCount "55"]
[GameId "2130307619091757"]
[EventDate "2018.07.02"]
[EventType "swiss"]
[EventRounds "9"]
[EventCountry "USA"]
[SourceTitle "10 Days #548"]
[Source "ChessMix"]
[SourceDate "2018.07.10"]
[SourceVersion "1"]
[SourceVersionDate "2018.07.10"]
[SourceQuality "1"]

1. c4 Nf6 2. Nf3 e6 3. g3 d5 4. Bg2 dxc4 5. Qa4+ Bd7 6. Qxc4 c5 7. Ne5 Qc8 8. Qd3 Nc6 9. Nxd7 Nxd7 10. Qb3 Be7 11. Nc3 O-O 12. O-O Nf6 13. d3 Qd7 14. Bf4 Rac8 15. Rfc1 Rfd8 16. Rab1 b6 17. Qa4 Nd5 18. Bd2 Bf6 19. Kf1 h6 20. a3 a5 21. h4 Be5 22. Nxd5 exd5 23. b4 axb4 24. axb4 Qg4 25. Bf3 Qh3+ 26. Bg2 Qg4 27. Bf3 Qh3+ 28. Bg2 1/2-1/2

[Event "World op"]
[Site "Philadelphia USA"]
[Date "2018.07.06"]
[Round "4"]
[White "O'Connor, Derek"]
[Black "Kovalyov, Anton"]
[Result "0-1"]
[WhiteElo "2215"]
[BlackElo "2658"]
[PlyCount "108"]
[GameId "2130307619091777"]
[EventDate "2018.07.02"]
[EventType "swiss"]
[EventRounds "9"]
[EventCountry "USA"]
[SourceTitle "10 Days #548"]
[Source "ChessMix"]
[SourceDate "2018.07.10"]
[SourceVersion "1"]
[SourceVersionDate "2018.07.10"]
[SourceQuality "1"]

1. d4 Nf6 2. c4 e6 3. Nc3 Bb4 4. Qc2 c5 5. dxc5 Qc7 6. a3 Bxc5 7. Bg5 a6 8. Nf3 Be7 9. e3 d6 10. Be2 Nbd7 11. O-O b6 12. e4 Bb7 13. b4 O-O 14. Rfc1 Rac8 15. Nd2 Rfe8 16. Bf4 Ne5 17. Qb3 Nfd7 18. Rc2 Qb8 19. Rd1 Qa8 20. Be3 Bc6 21. f3 Qb8 22. Rdc1 Bb7 23. Na4 Bd8 24. Nc3 Ng6 25. g3 h5 26. f4 h4 27. Bf3 Nf6 28. Nd1 b5 29. c5 dxc5 30. Bxc5 hxg3 31. hxg3 e5 32. f5 Nf8 33. Nf2 Be7 34. Nd3 N8h7 35. Bxe7 Rxc2 36. Qxc2 Rxe7 37. Nc5 Ng5 38. Nxb7 Qxb7 39. Qc8+ Qxc8 40. Rxc8+ Kh7 41. Rc3 Kh6 42. Kg2 Rd7 43. Nb3 Ngxe4 44. Bxe4 Nxe4 45. Re3 Nf6 46. Kh3 Rd5 47. Nc5 Kh5 48. Nxa6 Rd2 49. g4+ Nxg4 50. Rb3 e4 51. Nc5 e3 52. Ne4 e2 53. Ng3+ Kg5 54. Ne4+ Kf4 0-1

[Event "World op"]
[Site "Philadelphia USA"]
[Date "2018.07.06"]
[Round "5"]
[White "Kovalyov, Anton"]
[Black "Abergel, Thal"]
[Result "1-0"]
[WhiteElo "2658"]
[BlackElo "2428"]
[PlyCount "79"]
[GameId "2130307619095883"]
[EventDate "2018.07.02"]
[EventType "swiss"]
[EventRounds "9"]
[EventCountry "USA"]
[SourceTitle "10 Days #548"]
[Source "ChessMix"]
[SourceDate "2018.07.10"]
[SourceVersion "1"]
[SourceVersionDate "2018.07.10"]
[SourceQuality "1"]

1. c4 e5 2. Nc3 Nf6 3. Nf3 Nc6 4. e3 Bb4 5. Qc2 Bxc3 6. Qxc3 Qe7 7. b3 d6 8. Bb2 O-O 9. d3 Bd7 10. Be2 a6 11. O-O b5 12. d4 b4 13. Qc2 e4 14. Nd2 Bf5 15. Rfc1 a5 16. Qd1 g6 17. a3 h5 18. axb4 Nxb4 19. d5 Nd7 20. Ra3 Nc5 21. Rca1 c6 22. Bc3 Ncd3 23. dxc6 Nxc6 24. Bxd3 exd3 25. Qf3 Ne5 26. Qf4 a4 27. Rxa4 Rxa4 28. Rxa4 Bd7 29. Ra7 Qe6 30. h3 Bc6 31. b4 Rc8 32. c5 Nd7 33. cxd6 Qd5 34. e4 Qe6 35. Rc7 Rxc7 36. dxc7 Bb7 37. Qg5 Qc6 38. Qd8+ Nf8 39. Qd4 f6 40. Qc4+ 1-0

[Event "World op"]
[Site "Philadelphia USA"]
[Date "2018.07.07"]
[Round "6.3"]
[White "Lou, Yiping"]
[Black "Kovalyov, Anton"]
[Result "1/2-1/2"]
[WhiteElo "2487"]
[BlackElo "2658"]
[PlyCount "99"]
[GameId "2130307619095908"]
[EventDate "2018.07.02"]
[EventType "swiss"]
[EventRounds "9"]
[EventCountry "USA"]
[SourceTitle "10 Days #548"]
[Source "ChessMix"]
[SourceDate "2018.07.10"]
[SourceVersion "1"]
[SourceVersionDate "2018.07.10"]
[SourceQuality "1"]

1. d4 Nf6 2. c4 e6 3. g3 d5 4. Bg2 Be7 5. Nf3 O-O 6. O-O c6 7. b3 b6 8. Qc2 Nbd7 9. Rd1 Bb7 10. Nc3 Ba6 11. Nd2 b5 12. e4 dxc4 13. bxc4 bxc4 14. Na4 c5 15. dxc5 Rc8 16. Ba3 Qe8 17. Nxc4 Nxc5 18. Nab2 e5 19. Rac1 Ne6 20. Bxe7 Qxe7 21. Qa4 Bxc4 22. Rxc4 Nd4 23. Qa6 Qd7 24. Re1 Rb8 25. Na4 Ne2+ 26. Kh1 Ng4 27. Bf3 Nd4 28. Bxg4 Qxg4 29. Rc3 f5 30. exf5 Qxf5 31. f4 Rb1 32. Qc4+ Kh8 33. Rcc1 Rxc1 34. Qxc1 Qd7 35. Nc3 Rc8 36. Qb2 Qc6+ 37. Ne4 Nc2 38. Re2 Qc4 39. Qb7 Rd8 40. Rf2 Ne3 41. h3 exf4 42. gxf4 Nf5 43. Kh2 h6 44. Ng3 Nh4 45. Qxa7 Qc3 46. Qe7 Nf3+ 47. Kg2 Ne1+ 48. Kh2 Nf3+ 49. Kg2 Ne1+ 50. Kh2 1/2-1/2

[Event "World op"]
[Site "Philadelphia USA"]
[Date "2018.07.07"]
[Round "7.3"]
[White "Kovalyov, Anton"]
[Black "Shtembuliak, Evgeny"]
[Result "1-0"]
[WhiteElo "2658"]
[BlackElo "2517"]
[PlyCount "135"]
[GameId "2130307619095921"]
[EventDate "2018.07.02"]
[EventType "swiss"]
[EventRounds "9"]
[EventCountry "USA"]
[SourceTitle "10 Days #548"]
[Source "ChessMix"]
[SourceDate "2018.07.10"]
[SourceVersion "1"]
[SourceVersionDate "2018.07.10"]
[SourceQuality "1"]

1. c4 g6 2. Nf3 Bg7 3. d4 d6 4. Nc3 Nf6 5. e3 O-O 6. Be2 Nbd7 7. b3 Re8 8. Bb2 e5 9. Qc2 c6 10. O-O Qe7 11. b4 e4 12. Nd2 h5 13. a4 h4 14. h3 Nf8 15. Rfc1 Bf5 16. a5 Ne6 17. Qd1 Ng5 18. a6 b6 19. Bf1 Rad8 20. d5 c5 21. bxc5 dxc5 22. Nb5 Qd7 23. Ra2 Nfh7 24. Bxg7 Kxg7 25. Rc3 f6 26. Be2 Nf7 27. Bg4 Ne5 28. Bxf5 gxf5 29. Rb3 Ng5 30. Qb1 Ra8 31. Nc3 Ng6 32. Ne2 Qd6 33. Kh1 f4 34. exf4 Nxf4 35. Nxf4 Qxf4 36. Qe1 f5 37. Re3 Nf7 38. f3 Nd6 39. fxe4 fxe4 40. g3 Qf5 41. g4 Qf4 42. Rc2 Rab8 43. Qa1+ Kg8 44. Qe1 b5 45. cxb5 Rxb5 46. Kg2 Rf8 47. Rec3 Rb4 48. Qe3 Qxe3 49. Rxe3 Rd4 50. Rec3 Rxd5 51. Rxc5 Rd3 52. R5c3 Rd5 53. Nf1 Rd1 54. Ne3 Re1 55. Rf2 Ra1 56. Rc6 Rxf2+ 57. Kxf2 Ra2+ 58. Ke1 Nb5 59. Nf5 Na3 60. g5 Nc2+ 61. Kd1 Nb4 62. Rg6+ Kf7 63. Rf6+ Kg8 64. g6 Rxa6 65. Ne7+ Kg7 66. Rf7+ Kh6 67. Rh7+ Kg5 68. g7 1-0

[Event "World op"]
[Site "Philadelphia USA"]
[Date "2018.07.08"]
[Round "8.3"]
[White "Li, Ruifeng"]
[Black "Kovalyov, Anton"]
[Result "1/2-1/2"]
[WhiteElo "2583"]
[BlackElo "2658"]
[PlyCount "87"]
[GameId "2130307619095936"]
[EventDate "2018.07.02"]
[EventType "swiss"]
[EventRounds "9"]
[EventCountry "USA"]
[SourceTitle "10 Days #548"]
[Source "ChessMix"]
[SourceDate "2018.07.10"]
[SourceVersion "1"]
[SourceVersionDate "2018.07.10"]
[SourceQuality "1"]

1. e4 c5 2. Nc3 a6 3. g3 b5 4. Bg2 Bb7 5. d3 e6 6. f4 Be7 7. Nh3 b4 8. Ne2 Nf6 9. O-O d6 10. Nf2 Nc6 11. c3 bxc3 12. bxc3 O-O 13. Rb1 Qc7 14. g4 Nd7 15. g5 Nd8 16. Ng3 Re8 17. Ng4 Bc6 18. Rb2 Rb8 19. Rbf2 Qa5 20. f5 Qxc3 21. f6 Bf8 22. fxg7 Bxg7 23. Nf6+ Bxf6 24. gxf6 Kh8 25. Bh6 Rg8 26. Nh5 Rg6 27. Bg7+ Kg8 28. Nf4 Rxg7 29. fxg7 Qxg7 30. Rf3 Kf8 31. Rg3 Qd4+ 32. Kh1 Rb2 33. Qh5 Rf2 34. Qh6+ Ke7 35. Rxf2 Qxf2 36. Rf3 Qxa2 37. Qh4+ Ke8 38. Rf1 Ne5 39. Qxh7 Bb5 40. h4 Nxd3 41. Nh3 Ne5 42. Rg1 Qd2 43. h5 f6 44. Qg7 1/2-1/2

[Event "World op"]
[Site "Philadelphia USA"]
[Date "2018.07.08"]
[Round "9.4"]
[White "Kovalyov, Anton"]
[Black "Petrosian, Tigran L"]
[Result "0-1"]
[WhiteElo "2658"]
[BlackElo "2607"]
[PlyCount "66"]
[GameId "2130307619095951"]
[EventDate "2018.07.02"]
[EventType "swiss"]
[EventRounds "9"]
[EventCountry "USA"]
[SourceTitle "10 Days #548"]
[Source "ChessMix"]
[SourceDate "2018.07.10"]
[SourceVersion "1"]
[SourceVersionDate "2018.07.10"]
[SourceQuality "1"]

1. c4 f5 2. g3 Nf6 3. Bg2 g6 4. Nf3 Bg7 5. O-O O-O 6. d4 d6 7. Nc3 c6 8. Qb3 Kh8 9. Rd1 Na6 10. Qa3 Ne4 11. Be3 Nc7 12. Rac1 Nxc3 13. Qxc3 h6 14. Qd2 g5 15. d5 c5 16. b4 b6 17. bxc5 bxc5 18. h4 f4 19. gxf4 g4 20. Nh2 Qe8 21. Qa5 Na6 22. Bd2 Qh5 23. Nf1 Qxh4 24. Ng3 Nb8 25. Rb1 Nd7 26. Rb3 Nf6 27. Qc7 Bd7 28. Bc3 Rad8 29. Rdb1 Nh5 30. Rb8 Nxg3 31. Rxd8 Nxe2+ 32. Kf1 Nxc3 33. Rc1 Be8 0-1

[Event "Chicago op"]
[Site "Chicago USA"]
[Date "2018.05.25"]
[Round "3"]
[White "Miellier, Yan"]
[Black "Kovalyov, Anton"]
[Result "0-1"]
[WhiteElo "2050"]
[BlackElo "2660"]
[PlyCount "196"]
[GameId "2130307620121108"]
[EventDate "2018.05.24"]
[EventType "swiss"]
[EventRounds "7"]
[EventCountry "USA"]
[SourceTitle "10 Days #544"]
[Source "Chess Mix"]
[SourceDate "2018.06.01"]
[SourceVersion "1"]
[SourceVersionDate "2018.06.01"]
[SourceQuality "1"]

1. d4 Nf6 2. c4 e6 3. Nf3 b6 4. Nc3 Bb4 5. e3 Bb7 6. Bd3 c5 7. O-O O-O 8. Qe2 cxd4 9. exd4 d5 10. Bg5 dxc4 11. Bxc4 Bxc3 12. bxc3 Nbd7 13. Ne5 Qc7 14. Nxd7 Nxd7 15. Rac1 Rfe8 16. Bb5 a6 17. Bxd7 Qxd7 18. Qg4 Kh8 19. c4 f6 20. Be3 Qa4 21. c5 bxc5 22. Rxc5 Re7 23. Qe2 Bd5 24. Ra1 Qe8 25. Bf4 Rd7 26. Rac1 h6 27. h4 Qg6 28. Bg3 Kh7 29. Kh2 Rb7 30. Qc2 Rb4 31. Rd1 Rd8 32. f3 Rd7 33. Rc8 Qxc2 34. Rxc2 Ra4 35. Rdd2 Bc4 36. Rb2 Kg6 37. Bf2 Rd5 38. Bg3 Bb5 39. Bf2 h5 40. Rdc2 Bc4 41. a3 Rb5 42. Rxb5 axb5 43. Rc3 Kf7 44. Be1 Ke8 45. Re3 Kd7 46. Bb4 Kc6 47. Re1 Kd5 48. Rd1 Bb3 49. Rb1 Bc4 50. Rd1 Ra8 51. Kg3 Rc8 52. Rd2 Bb3 53. Rd3 Ba2 54. Kf2 Rc7 55. Rc3 Bc4 56. Ke3 Ra7 57. Rc1 Ra8 58. f4 Kc6 59. Rc2 Kd7 60. Rc1 Ke8 61. g3 Kf7 62. Kf2 Kg6 63. Re1 Kf5 64. Bc5 Bd5 65. Re3 Kg4 66. Bb4 Ra7 67. Bc5 Rf7 68. Rc3 Rd7 69. Re3 Ba2 70. Re2 Bc4 71. Re3 Rd5 72. Re1 Rf5 73. Be7 Rd5 74. Bc5 Rd7 75. Re3 Rf7 76. Bd6 g5 77. hxg5 fxg5 78. Re1 Bd5 79. Rc1 Rd7 80. Be5 gxf4 81. gxf4 Ra7 82. Rg1+ Kf5 83. Bd6 Ke4 84. Rh1 Rh7 85. Rh4 Kd3 86. Bc5 Be4 87. Rh3+ Kc4 88. Ke3 Bf5 89. Rh4 Kd5 90. Bb4 Bg6 91. Bc5 Be8 92. Rh1 h4 93. Bb4 h3 94. Rc1 e5 95. dxe5 h2 96. f5 Kxe5 97. Bc3+ Kxf5 98. Rf1+ Ke6 0-1

[Event "Chicago op"]
[Site "Chicago USA"]
[Date "2018.05.26"]
[Round "5.4"]
[White "Aldama Degurnay, Dionisio"]
[Black "Kovalyov, Anton"]
[Result "1-0"]
[WhiteElo "2432"]
[BlackElo "2660"]
[PlyCount "83"]
[GameId "2130307620125232"]
[EventDate "2018.05.24"]
[EventType "swiss"]
[EventRounds "7"]
[EventCountry "USA"]
[SourceTitle "10 Days #544"]
[Source "Chess Mix"]
[SourceDate "2018.06.01"]
[SourceVersion "1"]
[SourceVersionDate "2018.06.01"]
[SourceQuality "1"]

1. e4 c5 2. Nc3 a6 3. Nf3 d6 4. d4 cxd4 5. Nxd4 Nf6 6. Be2 e5 7. Nb3 Be7 8. a4 Be6 9. Bf3 O-O 10. O-O Qc7 11. Be3 b6 12. Qd2 Nbd7 13. Nc1 Qb7 14. N1e2 b5 15. axb5 axb5 16. Ng3 b4 17. Nd5 Bxd5 18. exd5 Rfc8 19. h4 g6 20. h5 Bf8 21. Rfc1 Bg7 22. Re1 Re8 23. Rxa8 Rxa8 24. Qd3 Ne8 25. Bg4 Ndf6 26. Bf3 Nd7 27. Bg4 Ra5 28. Qc4 Nc5 29. Bd2 Na6 30. Be2 Nec7 31. Qh4 Qxd5 32. Ne4 Ne8 33. Bc4 Qc6 34. Qe7 d5 35. Ng5 h6 36. Qxf7+ Kh8 37. Ne6 Nac7 38. Nxg7 Nxg7 39. Bxh6 Nxh5 40. Rxe5 Ra1+ 41. Bf1 Qf6 42. Qxc7 1-0

[Event "Chicago op"]
[Site "Chicago USA"]
[Date "2018.05.27"]
[Round "6"]
[White "Kovalyov, Anton"]
[Black "Song, Edward"]
[Result "1-0"]
[WhiteElo "2660"]
[BlackElo "2288"]
[PlyCount "65"]
[GameId "2130307620125234"]
[EventDate "2018.05.24"]
[EventType "swiss"]
[EventRounds "7"]
[EventCountry "USA"]
[SourceTitle "10 Days #544"]
[Source "Chess Mix"]
[SourceDate "2018.06.01"]
[SourceVersion "1"]
[SourceVersionDate "2018.06.01"]
[SourceQuality "1"]

1. c4 e6 2. g3 d5 3. Bg2 Nf6 4. Nf3 Be7 5. O-O O-O 6. b3 b6 7. Bb2 Bb7 8. e3 c5 9. Qe2 Nc6 10. d3 Qc7 11. Nc3 Rfd8 12. Rad1 Rac8 13. Nh4 d4 14. Nb5 Qd7 15. e4 a6 16. Na3 Nb4 17. Bc1 b5 18. f4 Ne8 19. Nf3 Nc7 20. g4 bxc4 21. bxc4 Na8 22. Ne5 Qe8 23. g5 f6 24. Ng4 fxg5 25. fxg5 Bd6 26. Rf2 Qd7 27. e5 Bb8 28. Rdf1 Rf8 29. Nf6+ gxf6 30. gxf6 Kh8 31. Bh6 Rf7 32. Bxb7 Qxb7 33. Rg2 1-0

[Event "Chicago op"]
[Site "Chicago USA"]
[Date "2018.05.27"]
[Round "7"]
[White "Kovalyov, Anton"]
[Black "Bora, Safal"]
[Result "0-1"]
[WhiteElo "2660"]
[BlackElo "2385"]
[PlyCount "77"]
[GameId "2130307620125246"]
[EventDate "2018.05.24"]
[EventType "swiss"]
[EventRounds "7"]
[EventCountry "USA"]
[SourceTitle "10 Days #544"]
[Source "Chess Mix"]
[SourceDate "2018.06.01"]
[SourceVersion "1"]
[SourceVersionDate "2018.06.01"]
[SourceQuality "1"]

1. c4 g6 2. Nc3 c5 3. d4 cxd4 4. Qxd4 Nf6 5. e4 Nc6 6. Qd2 Bg7 7. Rb1 O-O 8. Nf3 e6 9. Bd3 d5 10. O-O d4 11. Na4 a5 12. c5 e5 13. Nb6 Ra7 14. a3 Bg4 15. b4 axb4 16. axb4 Bxf3 17. gxf3 Nd7 18. Nd5 Nf6 19. Bc4 Ne7 20. Nxf6+ Bxf6 21. f4 Nc6 22. Rb3 Qd7 23. f5 Kh8 24. Qh6 Rg8 25. Kh1 Qe7 26. fxg6 Rxg6 27. Qh5 Qe8 28. b5 Nd8 29. Rh3 Qg8 30. f4 exf4 31. Bxf4 Ne6 32. Be5 Bg7 33. Rg3 Rxg3 34. hxg3 Bxe5 35. Qxe5+ Ng7 36. Rxf7 Ra8 37. Rxb7 Qf8 38. Rf7 Qg8 39. Ra7 0-1

[Event "UT Dallas Fall op"]
[Site "Dallas USA"]
[Date "2017.11.17"]
[Round "1.1"]
[White "Vazquez, Guillermo"]
[Black "Kovalyov, Anton"]
[Result "1/2-1/2"]
[WhiteElo "2427"]
[BlackElo "2664"]
[PlyCount "42"]
[GameId "2130307625119485"]
[EventDate "2017.11.17"]
[EventType "swiss"]
[EventRounds "9"]
[EventCountry "USA"]
[SourceTitle "10 Days #526"]
[Source "Chess Mix"]
[SourceDate "2017.12.01"]
[SourceVersion "1"]
[SourceVersionDate "2017.12.01"]
[SourceQuality "1"]

1. e4 c5 2. Nf3 d6 3. d4 cxd4 4. Qxd4 Nf6 5. Bb5+ Bd7 6. c4 g6 7. O-O Bg7 8. Nc3 O-O 9. Bxd7 Nbxd7 10. Bd2 a6 11. Qd3 b5 12. cxb5 axb5 13. b4 Qb6 14. Rac1 Rfb8 15. Nxb5 Rxa2 16. Nbd4 Ng4 17. Nc6 Re8 18. Qd5 Ra3 19. h3 Ngf6 20. Qc4 e6 21. Rfe1 Bf8 1/2-1/2

[Event "UT Dallas Fall op"]
[Site "Dallas USA"]
[Date "2017.11.18"]
[Round "2.8"]
[White "Kovalyov, Anton"]
[Black "Drozdowski, Kacper"]
[Result "1-0"]
[WhiteElo "2664"]
[BlackElo "2467"]
[PlyCount "89"]
[GameId "2130307625119516"]
[EventDate "2017.11.17"]
[EventType "swiss"]
[EventRounds "9"]
[EventCountry "USA"]
[SourceTitle "10 Days #526"]
[Source "Chess Mix"]
[SourceDate "2017.12.01"]
[SourceVersion "1"]
[SourceVersionDate "2017.12.01"]
[SourceQuality "1"]

1. c4 e6 2. g3 d5 3. Bg2 dxc4 4. Qa4+ Nd7 5. Qxc4 Ngf6 6. Nf3 a6 7. Qc2 c5 8. Nc3 Bd6 9. a4 O-O 10. O-O h6 11. d4 Qe7 12. Rd1 Rd8 13. h3 cxd4 14. Nxd4 Nf8 15. Be3 Rb8 16. Nb3 e5 17. Ba7 Ra8 18. Bb6 Re8 19. Qd3 Bb4 20. Bd8 Qe6 21. Bxf6 Bxc3 22. Qxc3 Qxf6 23. Nc5 Qe7 24. Ne4 Rb8 25. Rac1 Bd7 26. Nd6 Bxa4 27. b3 Red8 28. Nxf7 Qxf7 29. bxa4 Rxd1+ 30. Rxd1 Qe7 31. Rd5 Re8 32. a5 Kh8 33. Rc5 e4 34. e3 Nh7 35. Rc7 Qf6 36. Bxe4 Rxe4 37. Rc8+ Nf8 38. Qxf6 gxf6 39. Rxf8+ Kg7 40. Rc8 Rb4 41. Rc5 Kg6 42. g4 Rb5 43. Rxb5 axb5 44. Kf1 Kg5 45. f4+ 1-0

[Event "UT Dallas Fall op"]
[Site "Dallas USA"]
[Date "2017.11.19"]
[Round "4.6"]
[White "Hernandez Carmenates, Holden"]
[Black "Kovalyov, Anton"]
[Result "1/2-1/2"]
[WhiteElo "2462"]
[BlackElo "2664"]
[PlyCount "41"]
[GameId "2130307625123654"]
[EventDate "2017.11.17"]
[EventType "swiss"]
[EventRounds "9"]
[EventCountry "USA"]
[SourceTitle "10 Days #526"]
[Source "Chess Mix"]
[SourceDate "2017.12.01"]
[SourceVersion "1"]
[SourceVersionDate "2017.12.01"]
[SourceQuality "1"]

1. d4 Nf6 2. c4 e6 3. Nf3 b6 4. g3 c6 5. Bg2 d5 6. Qa4 a6 7. Bg5 Be7 8. Ne5 O-O 9. cxd5 cxd5 10. O-O Bb7 11. Rc1 h6 12. Bf4 Nh5 13. Bd2 Nf6 14. Bf4 Nh5 15. Bd2 Nf6 16. Bb4 Bxb4 17. Qxb4 Nfd7 18. Nxd7 Nxd7 19. Qd6 Nf6 20. Qxd8 Rfxd8 21. Nd2 1/2-1/2

[Event "UT Dallas Fall op"]
[Site "Dallas USA"]
[Date "2017.11.20"]
[Round "6.6"]
[White "Arribas Lopez, Angel"]
[Black "Kovalyov, Anton"]
[Result "1/2-1/2"]
[WhiteElo "2471"]
[BlackElo "2664"]
[PlyCount "41"]
[GameId "2130307625123702"]
[EventDate "2017.11.17"]
[EventType "swiss"]
[EventRounds "9"]
[EventCountry "USA"]
[SourceTitle "10 Days #526"]
[Source "Chess Mix"]
[SourceDate "2017.12.01"]
[SourceVersion "1"]
[SourceVersionDate "2017.12.01"]
[SourceQuality "1"]

1. d4 Nf6 2. Nf3 e6 3. e3 b6 4. Bd3 Bb7 5. O-O Be7 6. c4 c5 7. Nc3 a6 8. b3 d6 9. Bb2 Nbd7 10. Rc1 O-O 11. Bb1 cxd4 12. Nxd4 Rc8 13. Qe2 Rc7 14. Rfd1 Qa8 15. f3 Rcc8 16. Ba3 Qb8 17. Qf2 Rfe8 18. Qg3 Ne5 19. Qf2 Ned7 20. Qg3 Ne5 21. Qf2 1/2-1/2

[Event "UT Dallas Fall op"]
[Site "Dallas USA"]
[Date "2017.11.21"]
[Round "7.7"]
[White "Kovalyov, Anton"]
[Black "Gorovets, Andrey"]
[Result "1/2-1/2"]
[WhiteElo "2664"]
[BlackElo "2529"]
[PlyCount "50"]
[GameId "2130307625127823"]
[EventDate "2017.11.17"]
[EventType "swiss"]
[EventRounds "9"]
[EventCountry "USA"]
[SourceTitle "10 Days #526"]
[Source "Chess Mix"]
[SourceDate "2017.12.01"]
[SourceVersion "1"]
[SourceVersionDate "2017.12.01"]
[SourceQuality "1"]

1. c4 Nf6 2. Nf3 b6 3. g3 c5 4. Bg2 Bb7 5. O-O g6 6. d4 cxd4 7. Qxd4 d6 8. Nc3 Bg7 9. Rd1 Nbd7 10. Be3 Rc8 11. Rac1 O-O 12. Qh4 a6 13. b3 Rc7 14. g4 Rc8 15. Bh3 b5 16. cxb5 Qa5 17. b4 Qa3 18. Nb1 Qxa2 19. g5 Rxc1 20. Rxc1 Qxe2 21. Nd4 Qb2 22. gxf6 Bxf6 23. Qh6 Bg7 24. Qh4 Bf6 25. Qh6 Bg7 1/2-1/2

[Event "UT Dallas Fall op"]
[Site "Dallas USA"]
[Date "2017.11.21"]
[Round "8.6"]
[White "Raznikov, Danny"]
[Black "Kovalyov, Anton"]
[Result "1/2-1/2"]
[WhiteElo "2488"]
[BlackElo "2664"]
[PlyCount "42"]
[GameId "2130307625127846"]
[EventDate "2017.11.17"]
[EventType "swiss"]
[EventRounds "9"]
[EventCountry "USA"]
[SourceTitle "10 Days #526"]
[Source "Chess Mix"]
[SourceDate "2017.12.01"]
[SourceVersion "1"]
[SourceVersionDate "2017.12.01"]
[SourceQuality "1"]

1. d4 Nf6 2. c4 e6 3. Nf3 d5 4. Nc3 dxc4 5. e3 a6 6. Bxc4 b5 7. Be2 Bb7 8. O-O Nbd7 9. b3 c5 10. Bb2 Rc8 11. Rc1 Be7 12. dxc5 Bxc5 13. a3 O-O 14. b4 Be7 15. a4 Bxb4 16. axb5 axb5 17. Nxb5 Rxc1 18. Qxc1 Qb8 19. Qc4 Be7 20. Rc1 Rc8 21. Qf4 Rxc1+ 1/2-1/2